premier league hall of fame - Statistics

General Stats
  • This quiz has been taken 15 times
  • The average score is 39 of 70
Answer Stats
Hint Answer % Correct
ivory drogba st
100%
eng Lampard cm
100%
bel hazard lw
90%
france henry st
90%
eng kane st
90%
irish Keane cm
90%
por Ronaldo rm
90%
uru suarez st
90%
eng Andy Cole st
80%
eng Ashley Cole lb
80%
eng Gerrard cm
80%
eng Owen st
80%
eng Rooney cf
80%
eng shearer cf
80%
Korea son lw
80%
arg aguero st
70%
bul Berbatov cf
70%
czech cech gk
70%
spa de gea gk
70%
ghana essien cdm
70%
wal giggs lm
70%
eng neville rb
70%
egy salah rw
70%
eng Terry cb
70%
serb vidic cb
70%
fra anelka st
60%
fra cantona cf
60%
spa David silva cam
60%
eng Ferdinand cb
60%
fra kante cm
60%
eng les Ferdinand st
60%
sen mane lw
60%
ger ozil cam
60%
scot robertson lb
60%
eng sheringham st
60%
eng sterling rw
60%
spa torres st
60%
ivory toure cm
60%
ned van dijk cb
60%
Brazil Allison gk
50%
eng Beckham rm
50%
fra evra lb
50%
eng fowler st
50%
bel kompany cb
50%
bel lukaku st
50%
eng Baines lb
40%
eng Defoe st
40%
eng le Tissier cam
40%
por nani lm
40%
nig okocha rm
40%
eng rashford lm
40%
arg tevez st
40%
fra vieira cdm
40%
eng walker rb
40%
eng wright st
40%
eng carragher cb
30%
por carvalho cb
30%
nir Chris brunt cm
30%
fra ginola cam
30%
bel kdb cam
30%
ned rvp st
30%
eng Tony Adams cb
30%
eng trent rb
30%
eng vardy st
30%
arg zabeleta rb
30%
eng crouch st
20%
eng Dublin st
20%
eng foster gk
20%
eng sutton st
20%
dutch van nistelrroy cf
20%
No matching quizzes found
Score Distribution
Percent of People with Each Score
Percentile by Number Answered
Your Score History
You have not taken this quiz